Danse avec les Stars - Casting de la saison 14 - Statistiques

Statistiques générales
  • Ce quiz a été pris 652 fois
  • Le résultat moyen est 21 sur 28
Statistiques - réponses
Hint Réponse % Correct
Couple 3 Lénie
92%
Couple 1 Elsa Bois
90%
Couple 1 Florent Manaudou
88%
Couple 2 Adil Rami
87%
Juge Chris Marques
85%
Juge Jean-Marc Généreux
85%
Couple 3 Jordan Mouillerac
85%
Couple 11 Jungeli
84%
Juge Mel Charlot
84%
Couple 11 Ines Vandamme
82%
Couple 7 Christophe Licata
81%
Couple 2 Ana Riera
80%
Juge Fauve Hautot
80%
Couple 7 Mayane
80%
Couple 12 Nelson Monfort
76%
Couple 5 Ève Gilles
73%
Couple 12 Calisson Goasdoué
70%
Couple 10 Franck Lebœuf
70%
Couple 6 Sophie Davant
68%
Couple 10 Candice Pascal
65%
Couple 9 Julie Zenatti
65%
Couple 8 Claude Dartois (de Koh-Lanta)
64%
Couple 9 Adrien Caby
60%
Couple 5 Nino Mosa
60%
Couple 8 Katrina Patchett
59%
Couple 4 Charlotte de Turckheim
56%
Couple 6 Nicolas Archambault
53%
Couple 4 Yann-Alrick Mortreuil
51%
Aucun quiz correspondant
Distribution des résultats
% des personnes avec chaque résultat
Percentile par nombre de réponses
Votre historique - résultats
Vous n’avez pas pris ce quiz